| 000 -LEADER |
| fixed length control field |
00360nam a2200121Ia 4500 |
| 008 - FIXED-LENGTH DATA ELEMENTS--GENERAL INFORMATION |
| fixed length control field |
180730s9999||||xx |||||||||||||| ||und|| |
| 082 ## - DEWEY DECIMAL CLASSIFICATION NUMBER |
| Classification number |
341.65 |
| Item number |
ICR/G |
| 100 ## - MAIN ENTRY--PERSONAL NAME |
| Personal name |
ICRC |
| 245 #0 - TITLE STATEMENT |
| Title |
Guide for Police Conduct and Behaviour: To serve and to Protect ( In Brief ) |
| 260 ## - PUBLICATION, DISTRIBUTION, ETC. |
| Place of publication, distribution, etc. |
New Delhi |
| Name of publisher, distributor, etc. |
International Committee of the Red Cross |
| Date of publication, distribution, etc. |
2015 |
| 300 ## - PHYSICAL DESCRIPTION |
| Extent |
16 |
| 942 ## - ADDED ENTRY ELEMENTS (KOHA) |
| Koha item type |
Book |